Opuscula selecta.

שמור ב:
מידע ביבליוגרפי
מחבר ראשי: Gallo, Filippo
פורמט: ספר
שפה:איטלקית
יצא לאור: Padua, Italia Cedam 1999
סדרה:Pubblicazioni della Università di Pavia Studi nelle Scienze Giuridiche e Sociali. 86
נושאים:
תגים: הוספת תג
אין תגיות, היה/י הראשונ/ה לתייג את הרשומה!

MARC

LEADER 00000nam a2200000 a 4500
001 UCO9880
003 CL-VaPUC
005 20220111103327.0
008 010309e19990000IT |||||||||||||||||ita|d
999 |c 293897  |d 293895 
040 |c Pontificia Universidad Católica de Valparaíso 
082 0 4 |a 340.02 GAL 1999  |2 21 
100 |a Gallo, Filippo  |9 455057 
245 1 0 |a Opuscula selecta. 
260 0 3 |a Padua, Italia  |b Cedam  |c 1999 
300 |a 1069 páginas. 
490 0 |a Pubblicazioni della Università di Pavia Studi nelle Scienze Giuridiche e Sociali.  |v 86 
583 |a last modification  |c 20120418 11:09:26  |k Rodrigo Vera 
650 0 |a Derecho civil italiano  |9 400952 
650 0 |a Derecho romano  |9 255930 
650 0 |a Abogados  |9 256284 
650 0 |a Formación profesional   |9 257232 
650 0 |a Juristas  |9 255986 
650 0 |a Aplicación del derecho  |9 381025 
942 |c BK  |2 ddc 
945 |d 20010309 00:00:00  |a vberengu 
952 |0 0  |1 0  |2 ddc  |4 0  |6 340_020000000000000_GAL_1999  |7 0  |8 DER_ROM  |9 345667  |a BIBDER  |b BIBDER  |d 2019-11-20  |i 3683656  |l 1  |o 340.02 GAL 1999  |p 3683656  |r 2023-01-25  |s 2021-01-07  |t 1  |w 2019-11-20  |x Ubicación 4to piso  |y BK  |z Este recurso debe solicitarse con anticipación  |k DER